000 00456nam a2200181Ia 4500
005 20250603145614.0
008 250603s9999 xx 000 0 und d
020 _a9780367499334
050 _aQP 551 .P75/
100 _aEdited by Niki Chondragianni, Elah Pick, and Anna Gioran
245 0 _aProteostasis and proteolysis
260 _aBoca Raton
260 _b CRC Pres
260 _c2022
300 _a260 p
650 _aBoca Raton
942 _cBK
999 _c42330
_d42330